مدخل إلى نظرية القياس التقليدية و المعاصرة / (رقم التسجيلة. 117151)

تفاصيل مارك
000 -الفاتح
عناصر البيانات ثابتة الطول 00925cam a2200241 i 4500
005 - تاريخ ووقت آخر معاملة
حقل ضبط 20260129094722.0
008 - عناصر البيانات ثابتة الطول
عناصر البيانات ثابتة الطول 250721s2009 jo gr 000 0 ara d
020 ## - الترقيم الدولي المعياري للكتب (ردمك)
الترقيم الدولي المعياري للكتب (ردمك) 9957076085
041 1# - كود اللغة
كود اللغة لنص/مسار صوت أو عنوان منفصل ara
كود اللغة للأصل eng
082 14 - رقم تصنيف ديوي العشري
رقم التصنيف 370.15
رقم المادة ك ر و
100 1# - مدخل رئيسي – اسم شخصي
الاسم الشخصي كروكر، ليندا
علاقة الشخص بالعمل/ دوره مؤلف>
245 10 - بيان العنوان
العنوان مدخل إلى نظرية القياس التقليدية و المعاصرة /
بيان المسؤولية تأليف ليندا كروكر، جيمز الجينا ؛ ترجمة د. زينات يوسف دعنا.
250 ## - بيان الطبعة
بيان الطبعة الطبعة الاولى.
264 31 - بيانات النشر، التوزيع…إلخ
مكان النشر، التوزيع...إلخ عمان :
اسم الناشر، الموزع...إلخ دار الفكر،
تاريخ النشر، التوزيع...إلخ 2009.
300 ## - الوصف المادي
عدد الوحدات المكونة للوعاء 680صفحة.
650 17 - مدخل إضافي بالموضوع - مصطلح موضوعي
مصطلح موضوعي أو اسم جغرافي كعنصر مدخل علم النفس التربوي.
650 17 - مدخل إضافي بالموضوع - مصطلح موضوعي
مصطلح موضوعي أو اسم جغرافي كعنصر مدخل قياس التحصيل.
650 17 - مدخل إضافي بالموضوع - مصطلح موضوعي
مصطلح موضوعي أو اسم جغرافي كعنصر مدخل مؤشرات الانجاز.
700 1# - مدخل إضافي - اسم شخصي
الاسم الشخصي الجينا، جيمس
علاقة الشخص بالعمل/ دوره مؤلف.
700 1# - مدخل إضافي - اسم شخصي
الاسم الشخصي دعنا، زينات يوسف
علاقة الشخص بالعمل/ دوره مترجم.
942 ## - بيانات إضافية (كوها)
نوع التنصيف Dewey Decimal Classification
نوع المادة (كوها) كتب
المقتنيات
حالة السحب حالة الفقدان مصدر التصنيف حالة التلف غير قابل للإعارة المكتبة الرئيسية المكتبة الحالية موقع الرف تاريخ التزويد رقم المخزون Total Checkouts رقم الإستدعاء الباركود تاريخ آخر ظهور تاريخ الفاتورة نوع المادة (كوها)
    Dewey Decimal Classification     المكتبة المركزية المكتبة المركزية الإعارة 28/07/2025 1306119   370.15 / ك ر و PLD00101754 28/07/2025 28/07/2025 كتب
    Dewey Decimal Classification     مكتبة أبو علندا العامة مكتبة أبو علندا العامة الإعارة 15/07/2009 1306120   370.15/كرو PLD00101799 28/07/2025 15/07/2009 كتب
    Dewey Decimal Classification     مكتبة الأميرة ايمان العامة مكتبة الأميرة ايمان العامة الإعارة 15/07/2009 1306121   370.15/كرو PLD00101800 28/07/2025 15/07/2009 كتب
    Dewey Decimal Classification     مكتبة وادي السير العامة مكتبة وادي السير العامة الإعارة 15/07/2009 1306125   370.15/كرو PLD00101804 28/07/2025 15/07/2009 كتب
    Dewey Decimal Classification     مكتبة ومركز فرح مكتبة ومركز فرح الإعارة 15/07/2009 1306128   370.15/كرو PLD00101807 28/07/2025 15/07/2009 كتب
Implemented & Customized by: BBB with SCIT (Smart Chains for Information Technology)

Powered by Koha